| Tag |
First Indicator |
Second Indicator |
Subfields |
| LEADER |
00000cam a2200000 a 4500 |
| 001 |
in00000001448 |
| 005 |
20151007050436.0 |
| 008 |
980918s1998 aruab b f000 0 eng d |
| 035 |
|
|
|a (OCoLC)39890734
|
| 035 |
|
|
|9 AJB5334AM
|
| 040 |
|
|
|d GPO
|d DLC
|d MvI
|d UtOrBLW
|
| 043 |
|
|
|a n-us-ar
|
| 049 |
|
|
|a UDOC
|
| 074 |
|
|
|a 0624-B
|
| 086 |
0 |
|
|a I 19.42/4:98-4131
|
| 100 |
1 |
|
|a Stanton, Gregory P.
|
| 245 |
1 |
0 |
|a Status of water levels and selected water-quality conditions in the Mississippi River Valley alluvial aquifer in eastern Arkansas, 1994-96 /
|c by Gregory P. Stanton, Robert L. Joseph, and Aaron L. Pugh ; prepared in cooperation with the Arkansas Soil and Water Conservation Commission and the Arkansas Geological Commission.
|
| 264 |
|
1 |
|a Little Rock, Ark. :
|b U.S. Dept. of the Interior, U.S. Geological Survey ;
|c 1998.
|
| 264 |
|
2 |
|a Denver, Colo. :
|b Branch of Information Services [distributor],
|
| 300 |
|
|
|a iii, 72 pages :
|b illustrations, maps ;
|c 28 cm.
|
| 336 |
|
|
|a text
|b txt
|2 rdacontent
|
| 337 |
|
|
|a unmediated
|b n
|2 rdamedia
|
| 338 |
|
|
|a volume
|b nc
|2 rdacarrier
|
| 490 |
1 |
|
|a Water-resources investigations report ;
|v 98-4131
|
| 500 |
|
|
|a Shipping list number: 98-0365-P.
|
| 500 |
|
|
|a Three maps on 3 folded leaves in pocket.
|
| 504 |
|
|
|a Includes bibliographical references (page 11).
|
| 650 |
|
0 |
|a Water quality
|z Arkansas.
|
| 650 |
|
0 |
|a Water levels
|z Arkansas.
|
| 650 |
|
0 |
|a Water quality
|z Mississippi River Valley.
|
| 650 |
|
0 |
|a Water levels
|z Mississippi River Valley.
|
| 700 |
1 |
|
|a Joseph, Robert L.
|
| 700 |
1 |
|
|a Pugh, Aaron L.
|
| 710 |
2 |
|
|a Arkansas Soil and Water Conservation Commission.
|
| 710 |
2 |
|
|a Arkansas Geological Commission.
|
| 710 |
2 |
|
|a Geological Survey (U.S.)
|
| 830 |
|
0 |
|a Water-resources investigations report ;
|v 98-4131.
|
| 999 |
|
|
|a MARS
|
| 999 |
f |
f |
|s 451d86a5-d9ea-38ae-8df2-87d1ac42f9ef
|i e12b2336-3d27-3f48-8c33-4842617ac43a
|t 0
|
| 952 |
f |
f |
|p normal
|a Texas A&M University
|b College Station
|c Sterling C. Evans Library
|d Evans: US Documents (Annex 5th floor)
|t 0
|e I 19.42/4:98-4131
|h Superintendent of Documents classification
|i unmediated -- volume
|m A14824410517
|
| 998 |
f |
f |
|a I 19.42/4:98-4131
|t 0
|l Evans: US Documents (Annex 5th floor)
|